000 00810cam a2200265 4500
001 M1285
008 090401t1992 xxu||||| |||| 00| 0 eng d
035 _a(Sirsi) u30944
041 _aeng
050 _a332.632409485
110 _aLagerlof & Leman
_92767
245 _aOutline of principal legal and tax issues relating to real estate investments in Sweden.
260 _aMalmo, Sweden
_bLagerlof & Leman
_c1992
300 _a26p. ; 30cm.
350 _a0
490 _aMIPIM
_v92
520 _aInternational Property Market (Marche International des Professionnels de l`Immobilier), Cannes 14-17 March 1992.
650 _aFOREIGN INVESTMENT
650 _aLAW
650 _aSWEDEN
650 _aTAXES
690 _aPROPERTY-PROPERTY FINANCE AND INVESTMENT
942 _n0
948 _c04/03/1997
999 _c89533
_d89533